000 00929nam a2200205Ia 4500
003 Ost
005 20260507075737.0
008 260507s9999||||xx |||||||||||||| ||und||
040 _cfsecg
041 _aara
082 _a346.066
100 _aأحمد، ابراهيم سيد
_eمؤلف
245 0 _aعقد الشركة فقها وقضاءا /
_c ابراهيم سيد أحمد
260 _aالاسكندرية:
_bالمكتب الجامعي الحديث,
_c2003
300 _a0 348 صفحة؛
_bإيضاحات ؛
_c24 سم
490 _aالعقود القانونية المسماة (4)
520 _aالتعريف بالشركة،أركان الشركة،إدارة الشركة،آثار الشركة،طرق إنقضاء الشركة،تصفية الشركة وقسمتها،أنواع الشركات،المبادئ القضائية
653 _aالشركات-قوانين وتشريعات
942 _cكتاب
999 _c46103
_d46103